000 00419nam a22001817a 4500
999 _c532422
_d532422
003 NUST
005 20191120120826.0
008 191120b ||||| |||| 00| 0 eng d
020 _a0727741128
024 _a9780727741127
038 _aMSOHAIL
082 _a0
100 _aDragan Savic
_925937
245 _aWater Distribution Systems
260 _aLondon
_bICE Pub
_cc2011
300 _ap;342
942 _2ddc
_cBK